000 00845nam a22002897a 4500
001 BR9301542
003 BR-BrBNA
005 20230928093927.0
007 ta
008 230509b bl.||||| |||| 00| 0 por d
040 _aBR-BrBNA
_bpor
_cBiblioteca Nacional de Agricultura
041 _a(Por)
072 _aF30; F02; F01
_b1160
090 _ 1160 BR9301542
110 1 _aCentro Nacional de Pesquisa de Caju, Fortaleza, CE (Brasil)
_91758
245 1 _aRelatorio tecnico anual do Centro Nacional de Pesquisa de Caju 1987-1988
260 3 _aFortaleza, CE (Brasil):
_c1990.
300 _a88 p.
500 _a36 tables
650 _aCaju
650 _aPesquisa Agricola
650 _aPratica Cultural
650 _aMelhoramento Genetico Vegetal
650 _aNutricao Vegetal
909 _a202309
_bLucia
_c55
_dLucia Elande
942 _cBK
999 _c47945
_d47945